01345nam a22003614a 4500001001200000003000800012006001900020007001500039008004100054010001700095020001500112020001800127020002800145020003100173040002100204035002000225050002100245082001800266245012300284250001200407260006800419300001600487500002000503533015200523650004800675655002900723700002600752700001900778700002600797710001700823856012600840999001700966ebr10271560CaPaEBRm u cr cn|||||||||050118s2006 enk sf 001 0 eng  z 2005001267 z0195174984 z9780195174984 z0195174992 (alk. paper) z9780195174991 (alk. paper) aCaPaEBRcCaPaEBR a(OCoLC)7449629214aT11b.F52 2006eb04a070.4/49522202aA field guide for science writersh[electronic resource] /cedited by Deborah Blum, Mary Knudson, Robin Marantz Henig. a2nd ed. aOxford [England] ;aNew York :bOxford University Press,c2006. axiv, 321 p. aIncludes index. aElectronic reproduction.bPalo Alto, Calif. :cebrary,d2013.nAvailable via World Wide Web.nAccess may be limited to ebrary affiliated libraries. 0aTechnical writingvHandbooks, manuals, etc. 7aElectronic books.2local1 aBlum, Deborah,d1954-1 aKnudson, Mary.1 aHenig, Robin Marantz.2 aebrary, Inc.40uhttp://site.ebrary.com/lib/rucke/Doc?id=10271560zAn electronic book accessible through the World Wide Web; click to view c22255d22255